000 01380nam a2200301 i 4500
005 20210727153347.0
008 160809s2007 ck gs 000 j spa d
020 _a9789580484943
040 _aCO-BoRNBP
_bspa
_cCO-BoRNBP
_erda
245 0 4 _aLos siete mejores cuentos brasileros
_cselección y adaptación Maite Yie ; ilustraciones Francisco Villa
250 _aPrimera edición
264 1 _aBogotá
_bNorma
_c2007
300 _a64 páginas
_bilustraciones
336 _atexto
_btxt
_2rdacontent
337 _asin mediación
_bn
_2rdamedia
338 _avolumen
_bnc
_2rdacarrier
490 0 _aLos siete mejores cuentos
505 1 _aIxiwai y la maloca abandonada ; El siervo de plata ; El juego del bicho ; Kaboi y el mundo de la sareima ; El canto de las mujeres iamuricumá ; El origen de la risa ; Los gemelos que hicieron danzar a Icu
521 1 _aDesde los 9 años
650 1 4 _aCuentos infantiles brasileños
_ySiglo XXI
_2LEMB
650 1 4 _aLiteratura infantil brasileña
_ySiglo XXI
_2LEMB
650 1 4 _aAnimales
_vCuentos infantiles
_2LEMB
700 1 _aYie, Maite
700 1 _aVilla, Francisco,
_eilustrador
740 _aIxiwai y la maloca abandonada El siervo de plata El juego del bicho Kaboi y el mundo de la sareima El canto de las mujeres iamuricumá El origen de la risa Los gemelos que hicieron danzar a Icu
942 _2loc
_cBKLIT
084 _aC YIE1
999 _c6715
_d6715